Paintings.

Bibliographic Details
Corporate Author: Frick Collection
Format: Book
Language:English
Published: New York : Frick Collection, [1954]
Subjects:

MARC

Tag First Indicator Second Indicator Subfields
LEADER 00000cam a2200000 i 4500
001 in00000410001
005 20151012051233.0
008 760319s1954 nyuaf c 00010 eng d
035 |a (OCoLC)02059880 
035 |9 ABT4457AM 
040 |a ISB  |c ISB  |d OCL  |d TXA  |d UtOrBLW 
049 |a TXAM  |c [A09290918] 
090 |a N620.F6  |b A63 1954 
110 2 |a Frick Collection. 
245 1 0 |a Paintings. 
264 1 |a New York :  |b Frick Collection,  |c [1954] 
264 4 |c ©1954 
300 |a 68 pages, 37 pages of plates :  |b illustrations ;  |c 20 cm. 
336 |a text  |b txt  |2 rdacontent 
337 |a unmediated  |b n  |2 rdamedia 
338 |a volume  |b nc  |2 rdacarrier 
500 |a "This summary catalogue is a reprint of earlier editions, but includes recent accessions"--Note. 
610 2 0 |a Frick Collection  |x Catalogs. 
650 0 |a Painting  |z New York (State)  |z New York  |v Catalogs. 
999 |a MARS 
999 f f |s d9f6f754-ba23-34df-8454-f04fe4884abb  |i 63ee2c2f-fc9a-35a4-9f22-ed58122145ff  |t 0 
952 f f |p ric  |a Texas A&M University  |b Rellis Campus  |c Joint Library Facility  |d Remote Storage  |t 0  |e N620.F6 A63 1954  |h Library of Congress classification  |i unmediated -- volume  |m A14809290918 
998 f f |a N620.F6 A63 1954  |t 0  |l Remote Storage